| 000 | 01024cam a2200325 i 4500 | ||
|---|---|---|---|
| 001 | 015947918 | ||
| 003 | EG-ScBUE | ||
| 005 | 20230314114409.0 | ||
| 008 | 111003s2012 enko f d 001 0 eng d | ||
| 020 | _a9781907579561 (pbk.) | ||
| 040 |
_aStDuBDS _beng _erda _cStDuBDS _dUk _dEG-ScBUE |
||
| 082 | 0 | 4 |
_a778.535 _bCHA _222 |
| 100 | 1 |
_aChang, Justin, _eauthor. _939415 |
|
| 245 | 1 | 0 |
_aEditing / _cJustin Chang ; [edited by Tara Gallagher] |
| 264 | 1 |
_aLewes : _bIlex Press Limited, _c2012. |
|
| 300 |
_a191 pages : _bphotographs ; _c26 cm. |
||
| 336 |
_2rdacontent _atext _btxt |
||
| 337 |
_2rdamedia _aunmediated _bn |
||
| 338 |
_2rdacarrier _avolume _bnc |
||
| 490 | 0 |
_aFilm Craft ; _v3 |
|
| 500 | _aIncludes index. | ||
| 500 | _aIncludes glossary. | ||
| 650 | 7 |
_aMotion pictures _xEditing. _2BUEsh _913884 |
|
| 650 | 7 |
_aMotion picture editors _vInterviews. _2BUEsh |
|
| 651 | _2BUEsh | ||
| 653 |
_bCOMAME _cJune2015 _cFebruary2016 |
||
| 655 | _vReading book | ||
| 700 | 1 |
_aGallagher, Tara, _eeditor. |
|
| 942 |
_2ddc _cBB |
||
| 999 |
_c19625 _d19597 |
||